Normale Ansicht MARC-Ansicht ISBD

Hyper-Zionism : (Titelsatznr. 73070)

[ MARC ]
MARC-Details
000 -Satzkennung
Kontrollfeld mit fester Länge 01905nam a22005053i 4500
001 - Kontrollnummer
Kontrollfeld EBC32274471
003 - Kontrollnummer Identifier
Kontrollfeld MiAaPQ
005 - Datum und Zeit der letzten Transaktion
Kontrollfeld 20251020153840.0
007 - Feld mit fester Länge zur physischen Beschreibung - Allgemeine Information
Kontrollfeld mit fester Länge cr cnu||||||||
008 - Feld mit fester Länge zur physischen Beschreibung - Allgemeine Angaben
Kontrollfeld mit fester Länge 251020s2025 xx o ||||0 eng d
020 ## - Internationale Standardbuchnummer
Internationale Standardbuchnummer 9781804299760
Nähere Angaben (electronic bk.)
040 ## - Katalogisierungsquelle
Original-Katalogisierungsstelle MiAaPQ
Katalogisierungssprache eng
Übertragungsstelle MiAaPQ
100 1# - Haupteintragung - Personenname
Personenname Kundnani, Hans.
Koha-Normdatenidentnummer 66322
245 10 - Titel
Titel Hyper-Zionism :
Zusatz zum Titel Germany, the Nazi Past and Israel.
250 ## - Ausgabebezeichnung
Ausgabebezeichnung 1st ed.
264 #1 - Produktion, Veröffentlichung, Distribution, Herstellung und Urheberrechtsvermerk
Herstellungs-, Veröffentlichungs- Vertriebs-, Erzeugungsort London :
Produzent, Herausgeber, Distributor, Hersteller Verso,
Datum der Herstellung, der Veröffentlichung, des Vertriebs oder des Urheberschutzvermerks 2025.
264 #4 - Produktion, Veröffentlichung, Distribution, Herstellung und Urheberrechtsvermerk
Datum der Herstellung, der Veröffentlichung, des Vertriebs oder des Urheberschutzvermerks ©2025.
300 ## - Physische Beschreibung
Umfang 1 online resource (123 pages)
336 ## - Inhaltstyp
Inhaltstypterm Text
Inhaltstypcode txt
Quelle rdacontent
337 ## - Medientyp
Bezeichnung des Medientyps Computermedien
Medientypcode c
Quelle rdamedia
338 ## - Datenträgertyp
Datenträgertypbezeichnung Online Resource
Datenträgertypcode cr
Quelle rdacarrier
341 0# -
-- Epub Accessibility Specification 1.1
-- onix
341 0# -
-- Table of contents navigation
-- onix
341 0# -
-- Index navigation
-- onix
341 0# -
-- Single logical reading order
-- onix
341 0# -
-- Short alternative textual descriptions
-- onix
341 0# -
-- WCAG v2.2
-- onix
341 0# -
-- WCAG level AA
-- onix
500 ## - Allgemeine Fußnote
Allgemeine Fußnote E-Book-ProQuest / Fernzugriff nach Registrierung möglich
520 ## - Fußnote zu Zusammenfassungen usw.
Fußnote zur Zusammenfassung usw. The most thorough and damning account of German Zionism available from leading authors, academics and activists.
532 8# -
-- Publisher contact for further accessibility information: chris@verso.co.uk
655 ## - Indexierungsterm - Genre/Form
Genre/Form oder fokussierter Term Fernzugriff
Koha-Normdatenidentnummer 230
655 #4 - Indexierungsterm - Genre/Form
Genre/Form oder fokussierter Term
700 1# - Nebeneintragung - Personenname
Personenname Tooze, Adam.
Koha-Normdatenidentnummer 17789
700 1# - Nebeneintragung - Personenname
Personenname Marwecki, Daniel.
Koha-Normdatenidentnummer 65265
700 1# - Nebeneintragung - Personenname
Personenname Moses, A. Dirk.
Koha-Normdatenidentnummer 26247
700 1# - Nebeneintragung - Personenname
Personenname Zimmerer, Jürgen.
Koha-Normdatenidentnummer 57680
700 1# - Nebeneintragung - Personenname
Personenname Cohen, Daniel.
Koha-Normdatenidentnummer 67412
700 1# - Nebeneintragung - Personenname
Personenname Özyürek, Esra.
Koha-Normdatenidentnummer 65090
700 1# - Nebeneintragung - Personenname
Personenname Hauenstein, Hanno.
Koha-Normdatenidentnummer 67413
700 1# - Nebeneintragung - Personenname
Personenname Samour, Nahed.
Koha-Normdatenidentnummer 67414
776 08 - Andere physische Form
Verweisungsphrase Print version:
Haupteintragung Kundnani, Hans
Titel Hyper-Zionism
Ort, Verlag und Erscheinungsjahr London : Verso,c2025
856 40 - Elektronische Adresse und Zugriff
URL <a href="https://ebookcentral.proquest.com/lib/maxweberstiftung-ebooks/detail.action?docID=32274471">https://ebookcentral.proquest.com/lib/maxweberstiftung-ebooks/detail.action?docID=32274471</a>
OPAC-Notiz Volltext
942 ## - Zusätzliche Felder (Koha)
Koha-Medientyp E-Books
Exemplare
Ausgeschieden Verloren Klassifikation oder Aufstellungssystematik Beschädigt Nicht entleihbar Heimatbibliothek Aufenthaltsbibliothek Aufstellungsort Erwerbungsdatum Inventarnummer Signatur Barcode Letzte Aktivität Preis gültig von Koha-Medientyp
    Andere/Generische Klassifikation     MWN Osteuropa MWN Osteuropa Online-Ressource 20/10/2025 25-e01092 E-25-e01092 75989 20/10/2025 20/10/2025 E-Books